| 000 | 00598cab a2200205 4500 | ||
|---|---|---|---|
| 001 | WB3513-30 | ||
| 008 | 090401t1999 xxu||||| |||| 00| 0 eng d | ||
| 035 | _a(Sirsi) u92531 | ||
| 041 | _aeng | ||
| 260 | _c1999 | ||
| 350 | _a0 | ||
| 490 |
_aWeekend Financial Times _v27/28 March 1999, 2(1) |
||
| 520 | _aCampaigners for market liberalisation missed the opportunity for radical change to the European Union farm aid package. | ||
| 650 | _aCAP REFORM | ||
| 650 | _aEUROPEAN UNION | ||
| 650 | _aMARKET LIBERALISATION | ||
| 690 | _aEUROPE-SINGLE MARKET | ||
| 942 | _n0 | ||
| 948 | _c01/04/1999 | ||
| 999 |
_c58655 _d58655 |
||